000 00378nam a2200157Ia 4500
005 20250508024508.0
008 240331s9999 xx 000 0 und d
082 _bVAA
_a894
100 _aVaasanthi,
245 0 _aMoonkil pookkal
250 _a4th
260 _aChennai
_bKanna apalanai Achagam
_c1994
300 _a120 p .,
500 _aithu oru kattpanai kadhai
942 _cL
999 _c4300
_d4300